000 00579nam a2200229Ia 4500
003 OSt
005 20220924143322.0
006 a|||||r|||| 00| 0
007 ta
008 220923b |||||||| |||| 00| 0 urd d
024 _a307761
037 _cTextual
040 _aARTS
_cARTS
_burd
041 _2urd
_aurd
082 _aDelta73x, 168D5
100 _aShafai Abdullah
_9215431
245 0 _aMajmua-e-kalmat-e-qudsi
260 _c1905
650 _aSPIRurdALISM
942 _hDelta73x, 168D5
_cTEXL
_2CC
999 _c454071
_d454071